Progressive Highest Cricket Test Score - Statistics

General Stats
  • This quiz has been taken 247 times
  • The average score is 7 of 11
Answer Stats
Score Year Batsman % Correct
375 1994 Brian Lara
98%
400* 2004 Brian Lara
97%
334 1930 Don Bradman
88%
380 2003 Matthew Hayden
84%
365* 1958 Garry Sobers
72%
364 1938 Len Hutton
61%
336* 1933 Wally Hammond
57%
165* 1877 Charles Bannerman
34%
325 1930 Andy Sandham
31%
287 1903 Reg Foster
19%
211 1884 Billy Murdoch
11%
No matching quizzes found
Score Distribution
Percent of People with Each Score
Percentile by Number Answered
Your Score History
You have not taken this quiz